• 首页
  • 本馆介绍
  • 公告通知
  • 最新文献
  • 馆藏检索
  • 电子资源
  • 读者导购
  • 参考咨询
  • 我的图书馆
  • 登录
  • 详细信息显示
  • 放入我的书架
  • 预约/预借图书
  • 作者相关作品
  • 分类相关作品
  • 丛书相关作品
  • 出版社相关作品

书目信息

  • 表格格式
  • 工作单格式
  • 卡片格式
题名:
西方现代艺术史
    
 
作者: 周宏智 著
分册:  
出版信息: 北京   中国建筑工业出版社  2016.06
页数: 326页
开本: 26cm
丛书名:
单 册:
中图分类: J110.95
科图分类:
主题词: 艺术史--西方国家--现代
电子资源:
ISBN: 978-7-112-19065-2
000 01095nam0 2200277 450
001 0120161944634
005 20170418141800.06
010    @a978-7-112-19065-2@dCNY99.00
100    @a20160705d2016 em y0chiy50 ea
101 0  @achi
102    @aCN@b110000
105    @aa z 000yy
106    @ar
200 1  @a西方现代艺术史@9xi fang xian dai yi shu shi@f周宏智著
205    @a2版
210    @a北京@c中国建筑工业出版社@d2016.06
215    @a326页@c图@d26cm
312    @a封面英文题名:The western modern art history
330    @a本书以简短的篇幅介绍了19世纪中期以来的各种艺术流派,如印象派、后印象派、野兽派、立体主义、表现主义、未来主义、至上主义、构成主义等,在编写过程中尽量做到重点突出、线索清晰,使读者能在较短的时间内,对西方现代艺术的发展历程有相对完整的了解。
333    @a本书适合广大对艺术感兴趣的读者阅读,也适合作为非艺术史学专业大学生的选用教材
510 1  @aWestern modern art history@zeng
606 0  @a艺术史@x西方国家@z现代
690    @aJ110.95@v5
701  0 @a周宏智@9zhou hong zhi@4著
801  0 @aCN@b人天书店@c20160705
905    @b983942-44@dJ110.95@e127=2@f3
    
    西方现代艺术史/周宏智著.-2版.-北京:中国建筑工业出版社,2016.06
    326页:图;26cm
    使用对象:本书适合广大对艺术感兴趣的读者阅读,也适合作为非艺术史学专业大学生的选用教材
    
    ISBN 978-7-112-19065-2:CNY99.00
    本书以简短的篇幅介绍了19世纪中期以来的各种艺术流派,如印象派、后印象派、野兽派、立体主义、表现主义、未来主义、至上主义、构成主义等,在编写过程中尽量做到重点突出、线索清晰,使读者能在较短的时间内,对西方现代艺术的发展历程有相对完整的了解。
●
相关链接 在E读中查询图书 在五车中查询图书 在当当中查询图书 在豆瓣中查询图书


正题名:西方现代艺术史     索取号:J110.95/127=2         预约/预借

序号 登录号 条形码 馆藏地/架位号 状态 备注
1 983942   209839424   第一样本阅览室/ [索取号:J110.95/127=2] 在馆    
2 983943   209839433   第一借阅区/ [索取号:J110.95/127=2] 在馆    
3 983944   209839442   密集书库-美术系/ [索取号:J110.95/127=2] 在馆    
唐山师范学院图书馆 欢迎您!
大连网信软件有限公司© 版权所有